000 00331nam a2200145Ia 4500
005 20251222152719.0
008 251222s9999||||xx |||||||||||||| ||spa||
020 _a9788425341977
082 _a863.64/L757
100 _aLloréns, Chufo
245 0 _aTe Daré la Tierra
250 _a2da.ed.
264 _bGrijalbo
942 _cLIB
999 _c29520
_d29520